000
00318nam a22001337a 4500
020
_a
0199484228
082
_a
297,7 BOR
100
_a
Borker, Hem
245
_a
Madrasas and The Making of Islamic Womanhood
260
_a
New Delhi
_b
Oxford University Press
_c
2018
300
_a
326
650
_a
Madrasas
942
_c
BK
999
_c
21688
_d
21688